000 00784nam a2200253Ia 4500
003 OSt
005 20220923225017.0
006 a|||||r|||| 00| 0
007 ta
008 220922b |||||||| |||| 00| 0 hin d
024 _a255,175
037 _cTextual
040 _aARTS
_cARTS
_bhin
041 _2hin
_ahin
082 _aO152,3NMI,NU, L6
100 _aमित्तल, श्रीकांत
_9156292
245 0 _aंनुमाइश
246 _aAnnumāisha
260 _aहापुड़
_b संभावना प्रकाशन
_c1976
300 _a128पृ.
_ccm.
650 _aहिन्दी कहानी
942 _hO152,3NMI,NU, L6
_cTEXL
_2CC
999 _c375378
_d375378